00497 2200193 4500001002100000005001500021008004100036020001800077035001900095041000700114082001000121090001600131100002700147245004600174260003100220300003000251500001100281650001100292INLIS00000000001554220241224114944241224||||||||| | ||| |||| || |  a979-33-0484-7 0010-1224015542 aid0 a533.2 a533.2 ABD b0 aAbdullah Muzi Marpaung00aBagaimana Membesarkan Balon Tanpa Ditiup? aSolobTiga Serangkaic2006 a20x23 cm, 24 hlm.; ilus.: aCet. 1 0aFisika